[Event "Morbihan 2012"]
[Site "?"]
[Date "2012.03.31"]
[Round "7.13"]
[White "Thébaut, Hervé"]
[Black "Rivalin, Patrick"]
[Result "0-1"]
[WhiteElo "1443"]
[BlackElo "1582"]
[PlyCount "160"]
[EventDate "2012.??.??"]

1. d4 d5 2. c4 c6 3. Nc3 Nf6 4. Bf4 b6 5. a3 e6 6. e3 Bd6 7. Bg5 Be7 8. Nf3 O-O
9. Ne5 Nfd7 10. Bf4 Ba6 11. Qa4 Nxe5 12. dxe5 dxc4 13. Rd1 Qc8 14. Be2 Nd7 15.
O-O Nc5 16. Qc2 Qc7 17. Bf3 b5 18. Rd2 Nb3 19. Rdd1 Rad8 20. Qe4 Nd2 21. Qxc6
Qxc6 22. Bxc6 Nxf1 23. Rxf1 Rd2 24. Rb1 Rfd8 25. h3 b4 26. axb4 Bxb4 27. Bg5
Rc8 28. Ba4 h6 29. Bh4 g5 30. Bg3 Rcd8 31. Ne4 Re2 32. f3 Bd2 33. Kh2 Bxe3 34.
Nc3 Red2 35. Ne4 R2d4 36. Ra1 Bb7 37. Nd6 Bd5 38. Bb5 Rd2 39. Bxc4 Bxf3 40. Bf1
Bd5 41. Rb1 Rb8 42. b4 a6 43. Be1 Ra2 44. Rd1 Bf4+ 45. Kg1 Bxe5 46. Nc4 Bxc4
47. Bxc4 Rc8 48. Bxa2 Bc3 49. Bxc3 Rxc3 50. Rb1 Kg7 51. b5 axb5 52. Rxb5 Rc7
53. Kh2 Kf6 54. Bb1 Re7 55. Rb2 Ke5 56. Kg3 f5 57. Ba2 Kd4 58. Rb6 e5 59. Rxh6
e4 60. Re6 Rc7 61. Rd6+ Ke3 62. Be6 f4+ 63. Kg4 Rc2 64. Kxg5 Rxg2+ 65. Kf5 Rh2
66. Kg4 f3 67. Bc4 Rg2+ 68. Kf5 Rc2 69. Ba6 Rc3 70. Kg4 Kf2 71. Rf6 Kg2 72. Kf4
e3 73. Rg6+ Kf2 74. Rd6 e2 75. Rd2 Re3 76. h4 Re6 77. Rc2 Rxa6 78. h5 Ra1 79.
Kg4 Ra4+ 80. Kh3 Kf1 0-1

[Event "Morbihan 2012"]
[Site "?"]
[Date "2012.03.31"]
[Round "7.14"]
[White "Ollivier, Lydie"]
[Black "Le Coz, Yannick"]
[Result "0-1"]
[WhiteElo "1499"]
[BlackElo "1593"]
[PlyCount "110"]
[EventDate "2012.??.??"]

1. e4 e5 2. Nf3 Nc6 3. Bc4 Bc5 4. O-O d6 5. c3 Bg4 6. d3 Qf6 7. Be3 Bxf3 8.
Qxf3 Qxf3 9. gxf3 Na5 10. Bb5+ c6 11. Ba4 b5 12. Bc2 Nb7 13. Bxc5 Nxc5 14. Nd2
Ne7 15. Kh1 a5 16. b3 b4 17. c4 Ne6 18. Rg1 Nd4 19. Bd1 g6 20. Rc1 c5 21. Rb1
f5 22. Nf1 f4 23. h3 h6 24. Nh2 g5 25. Ng4 Kf7 26. Kh2 h5 27. Ne3 fxe3 28. fxe3
Ne6 29. Be2 Rag8 30. Rg2 Ng6 31. Rbg1 Nh4 32. Rf2 Ke7 33. Bd1 Rf8 34. Rg3 g4
35. Kh1 Ng5 36. f4 Nxh3 37. Rh2 exf4 38. exf4 Rxf4 39. Be2 Rf2 40. Rhxh3 gxh3
41. Rxh3 Rxe2 42. Rxh4 Re3 43. Kg2 Rxd3 44. Kf2 Rd2+ 45. Ke3 Rxa2 46. Kd3 Rg2
47. Rh3 h4 48. Ke3 Rg3+ 49. Rxg3 hxg3 50. Kf3 Rg8 51. Kg2 Ke6 52. Kg1 g2 53.
Kf2 g1=Q+ 54. Kf3 Rg3+ 55. Kf4 Qf2# 0-1

[Event "Morbihan 2012"]
[Site "?"]
[Date "2012.03.31"]
[Round "7.15"]
[White "Malry, Célia"]
[Black "Georget, Aymeric"]
[Result "1-0"]
[WhiteElo "1530"]
[BlackElo "1450"]
[PlyCount "94"]
[EventDate "2012.??.??"]

1. c4 e5 2. e3 Nc6 3. a3 Nf6 4. g3 g6 5. Bg2 Bg7 6. Ne2 O-O 7. O-O d6 8. Nbc3
Be6 9. b3 Rb8 10. d4 Bg4 11. Bb2 Re8 12. Qc2 exd4 13. Nxd4 Ne5 14. Ne4 a6 15.
Ng5 Qd7 16. Ndf3 Nxf3+ 17. Nxf3 Qe7 18. Nd2 Bf5 19. Qd1 Ne4 20. Bxg7 Kxg7 21.
Nxe4 Bxe4 22. Qd4+ Qe5 23. Rfe1 Bxg2 24. Kxg2 Qxd4 25. exd4 Kf6 26. Kf3 h5 27.
h4 Kf5 28. Re3 Rxe3+ 29. fxe3 Re8 30. Rf1 Re7 31. b4 b6 32. Re1 Re4 33. a4 c5
34. bxc5 bxc5 35. Rd1 Rg4 36. dxc5 dxc5 37. Rd5+ Ke6 38. Rxc5 Kd6 39. Ra5 Rxc4
40. Rxa6+ Ke5 41. Ra7 f6 42. Re7+ Kd6 43. Re4 Rc5 44. Rd4+ Kc6 45. Rf4 f5 46.
Rb4 Ra5 47. Kf4 Kd7 1-0

[Event "Morbihan 2012"]
[Site "?"]
[Date "2012.03.31"]
[Round "7.16"]
[White "Reymond, Stéphane"]
[Black "Lemoine, Norbert"]
[Result "1-0"]
[WhiteElo "1528"]
[BlackElo "1499"]
[Annotator "Reymond,Stéphane"]
[PlyCount "85"]
[EventDate "2012.??.??"]

1. e4 c5 2. c3 e5 3. Nf3 d5 4. Bb5+ Bd7 5. Bxd7+ Qxd7 6. exd5 Qxd5 {
Et les noirs ont déjà égalisés.} 7. O-O Nc6 8. Qb3 {Si je voulais empécher le
grand roque c'était idiot, ça l'est un peu, même si mon adversaire a joué ce
que je prévoyais.} Qxb3 9. axb3 Bd6 ({Pour fritz 11.} 9... O-O-O {était encore
le meilleur coup et m'aurait obligé à une partie tactique avec ses aléas, vu
mon énervement depuis le début de la semaine.}) 10. Re1 Nf6 11. d4 e4 12. dxc5
Bxc5 13. b4 {Sur ce coup là je n'ai pas vu deux choses, la première est le
coup candidat Ca3 ; la seconde est le petit roque comme réponse possible.} Bb6
14. Nbd2 O-O (14... O-O-O {était encore le meilleur coup pour les noirs. Dire
que je voulais l'éviter, d'où mon échange de dames. :-))}) 15. Nxe4 Nxe4 16.
Rxe4 Rfe8 17. Rxe8+ Rxe8 18. Kf1 Ne5 19. Nxe5 Rxe5 20. Bd2 ({
Pour fritz, je perds une grosse partie de mon avance en ne jouant pas} 20. c4 {
Mais j'avoue ne pas aimer ce coup là. Je ne me sens pas à sa hauteur. Mon
mental était encore trop friable.}) 20... Rf5 21. f3 ({
Je n'ai même pas envisagé} 21. Be1 {
Mon jeu reste trop rigide, trop dirigé par des principes.}) 21... Rb5 22. Re1
$4 ({La preuve, je suis tellement omnubilé par mon dévellopement, que je ne
vois pas le simple gain} 22. c4 Rf5 23. c5 Bc7 24. Rxa7 {C'est peut être du
aussi au fait que dans mon plan, mes pions avancaient à la fin, en créant un
pion passé. Mais pas avant qu'au moins deux pièces lourdes soient échangés.
C'est chouette les plans, mais quand la destiné vous aide, il faut savoir
saisir l'occasion. : -)))}) 22... Kf8 23. h3 Bc7 24. Be3 b6 25. Bd4 Bf4 26. Re2
Rd5 27. Ke1 f6 28. Re4 Bc1 29. b3 Bg5 30. Ke2 (30. f4 {Encore une fois, je ne
regarde aucun candidat qui suppose l'avancé d'un de mes pions.}) 30... f5 31.
Re5 Rxe5+ 32. Bxe5 {Et là mon adversaire commence à jouer à tempo. Il n'était
pas en retard de temps. Je me dis qu'en le prenant moi, le temps avec un plan
béton, je gagnerais. Il devait encore moins aimer les finales que moi.} a6 33.
b5 $2 {Je n'ai pas pu m'empécher de faire un "de ces coups esthétiques", qui
m'ont valu beaucoup de défaites ... arff ... :-) Je n'ai même pas envisagé
d'autres coups candidats, surement plus forts. Je me suis contenté de regarder
si cela ne perdait pas la partie ... Ah là là ... Les enfants ! :-)))} axb5 34.
Bc7 Bf6 35. Kd3 Ke7 36. Bxb6 Kd6 37. Bd4 Kd5 $4 {
Mon adversaire jouait à tempo. Dans sa tête, il avait déjà perdu.} 38. Bxf6
gxf6 39. c4+ bxc4+ 40. bxc4+ Kc5 41. f4 h5 42. h4 Kd6 43. Kd4 1-0

[Event "Morbihan 2012"]
[Site "?"]
[Date "2012.03.31"]
[Round "7.17"]
[White "Gautier, Paul"]
[Black "Josse, Emmanuelle"]
[Result "0-1"]
[WhiteElo "1499"]
[BlackElo "1462"]
[PlyCount "79"]
[EventDate "2012.??.??"]

1. e4 g6 2. Nc3 Bg7 3. b3 d6 4. Bb2 Nf6 5. Bd3 O-O 6. Nf3 Nc6 7. Qe2 Bg4 8. Qe3
e5 9. h3 Bxf3 10. Qxf3 Nd4 11. Qg3 Nh5 12. Qh2 Nf4 13. Nb5 Nxd3+ 14. cxd3 Nc2+
15. Kd1 Nxa1 16. Bxa1 c6 17. Nc3 f5 18. g4 f4 19. f3 d5 20. h4 d4 21. Na4 b6
22. h5 h6 23. hxg6 Qg5 24. Qh5 Rf6 25. Qxg5 hxg5 26. Nb2 Rxg6 27. Nc4 b5 28.
Na5 c5 29. Bb2 Rh6 30. Rxh6 Bxh6 31. Nc6 Bg7 32. Ke2 Kf7 33. Kd1 a5 34. a4 b4
35. Ke2 Ke6 36. Kd1 Kd7 37. Nxe5+ Bxe5 38. Ke2 Rh8 39. Kf2 Rh2+ 40. Ke1 0-1

[Event "Morbihan 2012"]
[Site "?"]
[Date "2012.03.31"]
[Round "7.18"]
[White "Le Gal, Loïc"]
[Black "Cheneau, Alain"]
[Result "1-0"]
[WhiteElo "1660"]
[BlackElo "1040"]
[PlyCount "115"]
[EventDate "2012.??.??"]

1. c4 c5 2. e3 e5 3. g3 d6 4. Bg2 Bd7 5. Ne2 Bc6 6. O-O Bxg2 7. Kxg2 Nf6 8. d4
Nbd7 9. Nbc3 Be7 10. a3 O-O 11. b4 b6 12. Bb2 Rb8 13. dxe5 Nxe5 14. Nd5 Nxc4
15. Bxf6 Bxf6 16. Nxf6+ Qxf6 17. Nf4 Qe5 18. Qd3 Nb2 19. Qc2 b5 20. Rab1 Na4
21. Rfc1 Rbc8 22. Qd3 c4 23. Qd5 Nc3 24. Qxe5 dxe5 25. Rxc3 exf4 26. exf4 Rcd8
27. Re1 Rfe8 28. Re5 a6 29. h4 f6 30. Rc5 g6 31. Rc6 Ra8 32. Rxf6 Kg7 33. Rb6
Red8 34. Rb7+ Kg8 35. Kf3 Rdb8 36. Re7 Rd8 37. Ke4 Kf8 38. Rxh7 Re8+ 39. Kf3
Kg8 40. Rc7 Red8 41. Rc6 Rd3+ 42. Rxd3 cxd3 43. Rxg6+ Kf7 44. Rd6 d2 45. Rxd2
Rc8 46. Rd3 Kg6 47. g4 Rh8 48. h5+ Kh6 49. Rd6+ Kg7 50. Rxa6 Rd8 51. g5 Rd3+
52. Kg4 Rd2 53. f3 Rg2+ 54. Kf5 Rg3 55. Ra7+ Kf8 56. h6 Kg8 57. g6 Rh3 58. Ra8#
1-0

[Event "Morbihan 2012"]
[Site "?"]
[Date "2012.03.31"]
[Round "7.19"]
[White "Biderbost, Marc"]
[Black "Guetta, Claude"]
[Result "1-0"]
[WhiteElo "1470"]
[BlackElo "1499"]
[PlyCount "95"]
[EventDate "2012.??.??"]

1. d4 d5 2. Nf3 e6 3. Bf4 Nf6 4. Nbd2 b6 5. e3 Be7 6. Bd3 Nbd7 7. h3 Bb7 8. O-O
a5 9. c3 Ba6 10. Qc2 Bxd3 11. Qxd3 Qc8 12. Ne5 O-O 13. Qb5 Nxe5 14. Bxe5 h6 15.
Qc6 Bd8 16. Bxf6 Bxf6 17. Nf3 Rd8 18. Rac1 Rd6 19. Qb5 a4 20. Ne5 Bxe5 21. dxe5
Rd8 22. Rfd1 a3 23. b3 Ra5 24. Qe2 Rd7 25. e4 c6 26. c4 d4 27. Rd3 Rxe5 28. f4
Ra5 29. Qg4 f6 30. Qxe6+ Kf8 31. Rxd4 Raa7 32. Rcd1 Qd8 33. Rxd7 Qe8 34. Qxc6
Ra8 35. Qxb6 Kg8 36. Qb7 Rb8 37. Qd5+ Kh7 38. Qf5+ Kh8 39. Qa5 Qxe4 40. Rd8+
Rxd8 41. Rxd8+ Kh7 42. Qd5 Qe3+ 43. Kh2 Qxf4+ 44. Kg1 Qc1+ 45. Qd1 Qe3+ 46. Kh1
Qf2 47. Qd3+ g6 48. Qd7# 1-0